[Event "4NCL/Div1/IIT2-SWD"]
[Site "Rd04-Birmingham"]
[Date "2000.11.26"]
[Round "4.5"]
[White "Lyell, Mark"]
[Black "James, David J"]
[Result "1-0"]
[WhiteElo "2224"]
[BlackElo "2238"]
[PlyCount "111"]
[EventDate "2000.11.26"]

1. e4 c5 2. c3 d5 3. exd5 Qxd5 4. d4 Nc6 5. Nf3 Nf6 6. dxc5 Qxc5 7. Na3 a6 8.
Be3 Qd5 9. Be2 Bg4 10. h3 Bh5 11. O-O e6 12. Qa4 Qa5 13. Qb3 b5 14. Nc4 Qc7 15.
Nb6 Rb8 16. a4 Na5 17. Bxb5+ axb5 18. Qxb5+ Nd7 19. Qxh5 Nc5 20. b4 Rxb6 21.
bxc5 Rb8 22. Rfd1 Rc8 23. Rab1 Be7 24. Qe5 O-O 25. Qxc7 Rxc7 26. Rb5 Nc4 27.
Bd4 f6 28. Nd2 Nxd2 29. Rxd2 Rfc8 30. Ra2 e5 31. Be3 Bxc5 32. Bxc5 Rxc5 33.
Rxc5 Rxc5 34. Ra3 Ra5 35. Kf1 Kf7 36. Ke2 Ke6 37. Kd3 Kd5 38. c4+ Kc5 39. Kc3
e4 40. Ra2 Ra7 41. a5 Ra6 42. Rd2 Re6 43. Rd5+ Kc6 44. Kd4 g6 45. a6 Kc7 46.
Ra5 Kb8 47. a7+ Ka8 48. c5 f5 49. Kd5 Re8 50. c6 f4 51. c7 e3 52. fxe3 fxe3 53.
Ra2 Rf8 54. Kd6 e2 55. Rxe2 Kxa7 56. Kd7 1-0

[Event "4NCL/Div1/IIT2-SWD"]
[Site "Rd04-Birmingham"]
[Date "2000.11.26"]
[Round "4.7"]
[White "Cafferty, Bernard"]
[Black "Roberts, David L"]
[Result "1/2-1/2"]
[WhiteElo "2193"]
[BlackElo "2171"]
[PlyCount "69"]
[EventDate "2000.11.26"]

1. c4 e5 2. Nc3 Nc6 3. Nf3 g6 4. e3 Bg7 5. d4 d6 6. Be2 Bd7 7. O-O Nh6 8. d5
Ne7 9. e4 O-O 10. b4 a5 11. bxa5 Rxa5 12. Nd2 b6 13. Nb3 Ra8 14. a4 f5 15. f3
f4 16. Bd2 g5 17. Nb5 Ng6 18. a5 bxa5 19. Rxa5 Nh4 20. h3 Rxa5 21. Bxa5 Qc8 22.
Kh2 Nxg2 23. Kxg2 Bxh3+ 24. Kh1 g4 25. Rg1 g3 26. Be1 Qd8 27. Rxg3 fxg3 28.
Bxg3 Qg5 29. Qg1 Rf7 30. Qh2 Bc8 31. Be1 Qe3 32. Nc3 Rf6 33. c5 Qf4 34. Bg3 Qe3
35. Be1 1/2-1/2

[Event "4NCL/Div1/IIT2-SWD"]
[Site "Rd04-Birmingham"]
[Date "2000.11.26"]
[Round "4.8"]
[White "Cast, Abigail"]
[Black "Barraclough, Stephanie"]
[Result "1-0"]
[WhiteElo "2114"]
[BlackElo "1320"]
[PlyCount "67"]
[EventDate "2000.11.26"]

1. d4 Nf6 2. Nf3 g6 3. Bg5 Bg7 4. Nbd2 O-O 5. e3 d6 6. Bd3 Nc6 7. c3 a6 8. O-O
h6 9. Bh4 e5 10. Qc2 Qe7 11. Rfe1 Bd7 12. dxe5 dxe5 13. e4 g5 14. Bg3 b5 15. a4
Rab8 16. Nf1 Ne8 17. Ne3 Nd6 18. Nd5 Qd8 19. Qe2 bxa4 20. Bxa6 Ra8 21. Bd3 Ne7
22. Bxe5 Nxd5 23. exd5 Re8 24. Qc2 Ra5 25. Bxg7 Kxg7 26. c4 Kg8 27. Bh7+ Kf8
28. Qc3 Rxe1+ 29. Rxe1 f6 30. Qxa5 Kg7 31. Bd3 Nb7 32. Qb4 Nd6 33. Bc2 a3 34.
bxa3 1-0

[Event "4NCL/Div1/RIC-MM"]
[Site "Rd04-Birmingham"]
[Date "2000.11.26"]
[Round "4.1"]
[White "Wall, Gavin"]
[Black "Ledger, Andrew"]
[Result "1/2-1/2"]
[WhiteElo "2384"]
[BlackElo "2451"]
[PlyCount "127"]
[EventDate "2000.11.26"]

1. e4 c6 2. d3 e5 3. f4 exf4 4. Bxf4 d5 5. Nd2 Qf6 6. Bxb8 Rxb8 7. exd5 cxd5 8.
c3 Bd7 9. Qf3 Qd6 10. Ne2 Nf6 11. h3 g6 12. Qg3 Nh5 13. Qxd6 Bxd6 14. O-O-O f5
15. Nd4 O-O 16. Be2 Nf4 17. g3 Nxe2+ 18. Nxe2 Rbe8 19. Rhe1 g5 20. Nf3 h6 21.
Kd2 Re7 22. h4 g4 23. Nfd4 Kf7 24. Rf1 {=} Rfe8 25. Rf2 Re3 26. Rg1 a6 27. Rgg2
Kg6 28. Nc2 Rf3 29. Ncd4 Rxe2+ 30. Nxe2 Bb5 31. h5+ Kg5 32. Nd4 Rxf2+ 33. Rxf2
Bd7 34. Ne2 Kxh5 35. Nf4+ Kg5 36. Ke3 h5 37. Rh2 Be8 38. b3 Bf7 39. d4 Ba3 40.
Nd3 Bd6 41. Ne5 Be6 {=} 42. a4 Be7 43. c4 Kh6 44. Nd3 Bf7 45. Nf4 Kg5 46. c5 a5
47. b4 axb4 48. Rb2 h4 49. gxh4+ Kxh4 50. Rxb4 Bg5 51. Rxb7 Be8 52. a5 Kg3 53.
a6 Bc6 54. Rb6 Ba8 55. a7 Bxf4+ 56. Ke2 Bc7 57. Rb8 Bc6 58. Rc8 f4 59. Rxc7 f3+
60. Kd2 f2 61. Rxc6 f1=Q 62. a8=Q Qf2+ 63. Kc3 Qe1+ 64. Kb3 1/2-1/2

[Event "4NCL/Div1/RIC-MM"]
[Site "Rd04-Birmingham"]
[Date "2000.11.26"]
[Round "4.2"]
[White "Pert, Nicholas"]
[Black "Bates, Richard"]
[Result "1/2-1/2"]
[WhiteElo "2451"]
[BlackElo "2371"]
[PlyCount "74"]
[EventDate "2000.11.26"]

1. d4 Nf6 2. Nf3 g6 3. c4 Bg7 4. Nc3 O-O 5. Bg5 d6 6. e3 c5 7. d5 e6 8. Nd2 h6
9. Bh4 exd5 10. cxd5 Na6 11. Be2 Nc7 12. O-O Qd7 13. Qb3 b6 14. a4 Bb7 15. e4
Rfe8 16. Rfe1 Rab8 17. Bg3 Bf8 18. h3 a6 19. Qxb6 Bxd5 20. Qa5 Bc6 21. e5 dxe5
22. Nc4 Bd6 23. Rad1 Ncd5 24. Bf3 Bc7 25. Qxc5 e4 26. Bg4 Nxg4 27. Nxd5 Bxg3
28. Nf6+ Nxf6 29. Rxd7 Bxd7 30. fxg3 Bxa4 31. Nd6 Re6 32. Qc7 Rf8 33. Nb7 Bb5
34. Qf4 Nd5 35. Qxh6 e3 36. Qh4 e2 37. g4 Nb4 1/2-1/2

[Event "4NCL/Div1/RIC-MM"]
[Site "Rd04-Birmingham"]
[Date "2000.11.26"]
[Round "4.3"]
[White "Johnstone, Paul"]
[Black "Williams, Simon"]
[Result "1-0"]
[WhiteElo "2299"]
[BlackElo "2350"]
[PlyCount "39"]
[EventDate "2000.11.26"]

1. c4 f5 2. e4 e5 3. exf5 Nf6 4. Nc3 Bc5 5. g4 d5 6. Bg2 dxc4 7. Qa4+ c6 8.
Qxc4 b6 9. b4 Bd4 10. h3 Nd5 11. Nge2 Ba6 12. b5 Bxb5 13. Nxb5 Bxa1 14. Ba3 e4
15. Qxe4+ Ne7 16. Nd6+ Kd7 17. Nf7 Qe8 18. Qe6+ Kc7 19. Bd6+ Kb7 20. Bxe7 1-0

[Event "4NCL/Div1/RIC-MM"]
[Site "Rd04-Birmingham"]
[Date "2000.11.26"]
[Round "4.4"]
[White "Ledger, David"]
[Black "Webb, Laurence"]
[Result "1-0"]
[WhiteElo "2264"]
[BlackElo "2257"]
[PlyCount "119"]
[EventDate "2000.11.26"]

1. e4 e5 2. Bc4 Nf6 3. d3 Nc6 4. Nf3 Be7 5. O-O O-O 6. Re1 d6 7. c3 Na5 8. Bb5
a6 9. Ba4 b5 10. Bc2 c5 11. Nbd2 Re8 12. Nf1 Bf8 13. Bg5 h6 14. Bh4 Be6 15. Ne3
Be7 16. h3 Nh7 17. Bg3 Bf6 18. d4 cxd4 19. cxd4 Ng5 20. dxe5 Nxf3+ 21. Qxf3
Bxe5 22. Rad1 Qf6 23. Qxf6 gxf6 24. b3 Nc6 25. Kh2 Rad8 26. Bb1 Kg7 27. f4 Bc3
28. Rf1 Bb4 29. f5 Bc8 30. Nd5 Ba3 31. Rf2 Nb4 32. Nf4 d5 33. Rfd2 Bb7 34. Nh5+
Kh8 35. exd5 Rxd5 36. Nxf6 Rxd2 37. Rxd2 Re3 38. Bf4 Re1 39. Bxh6 Nd5 40. Nxd5
Bxd5 41. Rxd5 Rxb1 42. f6 Kh7 43. Bg7 Bc1 44. h4 Rb2 45. h5 Bh6 46. Rd7 Bxg7
47. Rxf7 Rf2 48. Rxg7+ Kh6 49. Kg1 Rf5 50. g4 Rxf6 51. Rg6+ Rxg6 52. hxg6 Kxg6
53. Kf2 Kg5 54. Kf3 a5 55. Ke4 a4 56. Kd4 axb3 57. axb3 Kxg4 58. Kc5 Kf5 59.
Kxb5 Ke6 60. Kc6 1-0

[Event "4NCL/Div1/RIC-MM"]
[Site "Rd04-Birmingham"]
[Date "2000.11.26"]
[Round "4.5"]
[White "Phillips, Roy"]
[Black "Pert, Richard"]
[Result "0-1"]
[WhiteElo "2240"]
[BlackElo "2263"]
[PlyCount "82"]
[EventDate "2000.11.26"]

1. d4 Nf6 2. c4 g6 3. Nc3 d5 4. cxd5 Nxd5 5. g3 Bg7 6. Bg2 Nb6 7. e3 O-O 8.
Nge2 N8d7 9. O-O e5 10. a4 a5 11. b3 exd4 12. Nxd4 Nf6 13. Ba3 Re8 14. Ndb5 c6
15. Nd6 Bg4 16. Bf3 Bxf3 17. Qxf3 Re7 18. Rad1 Qc7 19. Nde4 Re6 20. Ng5 Ree8
21. Nce4 Nxe4 22. Nxe4 Nd5 23. Nd6 Re6 24. e4 {=} Nb4 25. Nc4 Rae8 26. Bc1 b6
27. Bf4 Qa7 28. Nd6 Rf8 29. Rd2 c5 30. Rfd1 Qa8 31. Qg4 Nc6 32. Nb5 Rxe4 33.
Rd7 Ne5 34. Qh3 Nxd7 35. Qxd7 Qe8 36. Qd2 Qe6 37. Bd6 Rd8 38. Qg5 Bf6 39. Qh6
Re1+ 40. Rxe1 Qxe1+ 41. Kg2 Qe4+ 0-1

[Event "4NCL/Div1/RIC-MM"]
[Site "Rd04-Birmingham"]
[Date "2000.11.26"]
[Round "4.6"]
[White "Naylor, John"]
[Black "Franklin, Michael"]
[Result "1-0"]
[WhiteElo "2241"]
[BlackElo "2253"]
[PlyCount "107"]
[EventDate "2000.11.26"]

1. e4 c5 2. Nf3 a6 3. c3 d5 4. exd5 Qxd5 5. d4 e6 6. Be2 Nf6 7. O-O Nc6 8. Be3
cxd4 9. cxd4 Be7 10. Nc3 Qd6 11. Rc1 O-O 12. Qd2 Nd5 13. Ne4 Qb4 14. Qc2 Bd7
15. Bd2 Qb6 16. Nc5 Rfd8 17. Bd3 g6 18. a3 Be8 19. b4 Bf6 20. Be3 Rac8 21. Qe2
Rc7 22. h4 Rdc8 23. h5 Re7 24. hxg6 hxg6 25. Rfd1 Rd8 26. Bc4 Nxe3 27. Qxe3 Kg7
28. d5 Nd4 29. Nxd4 exd5 30. Nf5+ gxf5 31. Qg3+ Kf8 32. Bxd5 Bc6 33. Bxc6 Rxd1+
34. Rxd1 Qxc6 35. Qb8+ Kg7 36. Qg3+ Kf8 37. Rd8+ Re8 38. Rxe8+ Qxe8 39. Qd6+
Kg7 40. Qg3+ Kf8 41. Nxb7 Qe1+ 42. Kh2 Qa1 43. Nc5 Qd1 44. Qd3 Qh5+ 45. Kg1 Be7
46. Nxa6 f4 47. Nb8 Kg8 48. Nc6 Bf6 49. b5 Qc5 50. a4 Bh4 51. Qe2 Bg3 52. Qe8+
Kh7 53. Qxf7+ Kh6 54. Qe6+ 1-0

[Event "4NCL/Div1/RIC-MM"]
[Site "Rd04-Birmingham"]
[Date "2000.11.26"]
[Round "4.7"]
[White "Thiruchelvam, Murugan"]
[Black "James, Russell"]
[Result "1-0"]
[WhiteElo "2168"]
[BlackElo "2209"]
[PlyCount "81"]
[EventDate "2000.11.26"]

1. e4 e5 2. Nf3 Nc6 3. Bb5 Nf6 4. O-O Bc5 5. d3 d6 6. c3 O-O 7. Nbd2 Bd7 8. Re1
Ng4 9. Re2 f5 10. Bc4+ Kh8 11. h3 Nh6 12. Nb3 Bb6 13. Bg5 Qe8 14. a4 a6 15. a5
Ba7 16. exf5 Bxf5 17. Qd2 Qh5 18. Bd5 Bxh3 19. gxh3 Qxh3 20. Nh2 Rf5 21. Bg2
Qh5 22. Be3 Raf8 23. Bxa7 Nxa7 24. Ra4 Nc6 25. Nf1 Ng4 26. Rxg4 Qxg4 27. Ne3
Qh4 28. Nxf5 Rxf5 29. Re4 Qf6 30. Nd4 Rg5 31. Nxc6 bxc6 32. f4 Rf5 33. fxe5
dxe5 34. Rb4 g6 35. Qh6 Qd8 36. Rh4 Rf7 37. Rh3 Kg8 38. Qe3 Qd6 39. b4 h5 40.
Qe4 Kg7 41. Qxc6 1-0

[Event "4NCL/Div1/RIC-MM"]
[Site "Rd04-Birmingham"]
[Date "2000.11.26"]
[Round "4.8"]
[White "Tidman, Sophie"]
[Black "Buckley, Melanie"]
[Result "1/2-1/2"]
[WhiteElo "2003"]
[BlackElo "2114"]
[PlyCount "82"]
[EventDate "2000.11.26"]

1. e4 e6 2. Nf3 d5 3. e5 c5 4. b4 c4 5. c3 a5 6. b5 Nd7 7. d3 cxd3 8. Bxd3 Qc7
9. Bf4 Ne7 10. Qe2 Nb6 11. O-O Bd7 12. a4 Rc8 13. Bg3 g6 14. Nd4 Nf5 15. Bxf5
gxf5 16. Nxf5 Qc4 17. Qe3 Qc5 18. Nd4 Nc4 19. Qg5 h5 20. Kh1 Qe7 21. Qc1 Bh6
22. Bf4 Bxf4 23. Qxf4 Rg8 24. Nf3 Nb6 25. Qh6 Nxa4 26. c4 Rxc4 27. Qh7 Qf8 28.
Nbd2 Rc8 29. Rxa4 Bxb5 30. Rxa5 Bxf1 31. Nxf1 Qg7 32. Qxg7 Rxg7 33. g3 Rg4 34.
Rb5 {=} Rc7 35. h3 Ra4 36. N1d2 Ra2 37. Kg2 Kd7 38. Kf1 Kc8 39. Rb4 Rc1+ 40.
Ke2 Rc4 41. Rb3 Rca4 1/2-1/2

[Event "4NCL/Div1/WG-WR"]
[Site "Rd04-Birmingham"]
[Date "2000.11.26"]
[Round "4.1"]
[White "Emms, John"]
[Black "Arkell, Keith"]
[Result "1/2-1/2"]
[WhiteElo "2502"]
[BlackElo "2440"]
[PlyCount "102"]
[EventDate "2000.11.26"]

1. e4 e6 2. d4 d5 3. Nd2 dxe4 4. Nxe4 Bd7 5. Nf3 Bc6 6. Bd3 Nd7 7. Qe2 Ngf6 8.
Neg5 Bxf3 9. Nxf3 g6 10. Bg5 c6 11. O-O-O Qa5 12. Kb1 Bg7 13. h4 O-O-O 14. Ne5
Rhf8 15. g3 Qc7 16. Nc4 b5 17. Ne5 h6 18. Bf4 Nxe5 19. Bxe5 Qb6 20. Be4 Bh8 21.
Bg2 Nd5 22. c4 bxc4 23. Qxc4 Bxe5 24. dxe5 Kc7 25. Bxd5 exd5 26. Qf4 Kb7 27.
Rd3 Ka8 28. Rc1 Rb8 29. Rb3 Qc7 30. Qf6 Rxb3 31. axb3 Rc8 32. e6 fxe6 33. Qxe6
Qb7 34. b4 Rc7 35. Qe8+ Qb8 36. Qxb8+ Kxb8 37. Re1 g5 38. h5 Rf7 39. Re6 Rxf2
40. Rxc6 Rg2 41. Rxh6 Rxg3 42. Rg6 g4 43. h6 Rh3 44. Rxg4 Rxh6 45. Rg5 Rd6 46.
Kc2 Kc7 47. Kd3 Kc6 48. Kd4 Rh6 49. b5+ Kxb5 50. Rxd5+ Kb4 51. Rd7 a5 1/2-1/2

[Event "4NCL/Div1/WG-WR"]
[Site "Rd04-Birmingham"]
[Date "2000.11.26"]
[Round "4.2"]
[White "Hunt, Harriet"]
[Black "Turner, Matthew"]
[Result "1/2-1/2"]
[WhiteElo "2447"]
[BlackElo "2485"]
[PlyCount "38"]
[EventDate "2000.11.26"]

1. e4 c5 2. Nf3 g6 3. d4 cxd4 4. Qxd4 Nf6 5. e5 Nc6 6. Qa4 Nd5 7. Bd2 Nb6 8.
Qf4 d6 9. Nc3 Bg7 10. exd6 exd6 11. O-O-O O-O 12. h4 h5 13. Nb5 Be6 14. Ng5 a6
15. Nc3 Bf5 16. Bd3 Bxd3 17. cxd3 Ne5 18. Be3 Rc8 19. Qe4 Ng4 1/2-1/2

[Event "4NCL/Div1/WG-WR"]
[Site "Rd04-Birmingham"]
[Date "2000.11.26"]
[Round "4.4"]
[White "Dunworth, Chris"]
[Black "Martin, Andrew"]
[Result "0-1"]
[WhiteElo "2293"]
[BlackElo "2445"]
[PlyCount "73"]
[EventDate "2000.11.26"]

1. e4 c5 2. Nc3 Nc6 3. Bb5 Nd4 4. Bc4 e6 5. Nge2 Ne7 6. Nxd4 cxd4 7. Ne2 Nc6 8.
O-O g6 9. d3 Bg7 10. f4 O-O 11. Bb3 Na5 12. f5 Nxb3 13. axb3 d5 14. Ng3 a5 15.
Qf3 dxe4 16. dxe4 exf5 17. exf5 Ra6 18. b4 d3 19. Qxd3 Qxd3 20. cxd3 Bd4+ 21.
Kh1 axb4 22. Bd2 Rxa1 23. Rxa1 Bxb2 24. Rb1 Bc3 25. Bxc3 bxc3 26. Rc1 gxf5 27.
Rxc3 Be6 28. Kg1 b5 29. Kf2 b4 30. Rc2 b3 31. Rb2 Ra8 32. Ne2 Ra2 33. Rb1 Rc2
34. Ke3 b2 35. Nd4 Ba2 36. Nxc2 Bxb1 37. Na3 {time} 0-1

[Event "4NCL/Div1/WG-WR"]
[Site "Rd04-Birmingham"]
[Date "2000.11.26"]
[Round "4.5"]
[White "Levitt, Jon"]
[Black "Gayson, Peter"]
[Result "1-0"]
[WhiteElo "2438"]
[BlackElo "2273"]
[PlyCount "81"]
[EventDate "2000.11.26"]

1. d4 f5 2. Nc3 d5 3. Bf4 Nf6 4. e3 e6 5. Nf3 Be7 6. Bd3 O-O 7. O-O c5 8. dxc5
Bxc5 9. Nb5 Nc6 10. c4 Rf7 11. Rc1 b6 12. a3 a5 13. Qe2 h6 14. Rfd1 Rd7 15.
Nbd4 Bxd4 16. exd4 Re7 17. cxd5 Nxd5 18. Bxh6 gxh6 19. Rxc6 Bb7 20. Rcc1 Nf4
21. Qe3 Qd6 22. Bf1 Rg7 23. g3 Kh7 24. Qe5 Rd8 25. Qxd6 Rxd6 26. Ne5 Bd5 27.
Bc4 h5 28. Kf1 Bg2+ 29. Ke1 Nh3 30. Bf1 Bxf1 31. Kxf1 f4 32. Kg2 Ng5 33. gxf4
Ne4+ 34. Kf3 Nf6 35. Rc8 Ng4 36. h3 Nh6 37. Rc6 Rd5 38. Rxe6 Nf5 39. Ke4 Ne7
40. Rxe7 Rxe5+ 41. Rxe5 1-0

[Event "4NCL/Div1/WG-WR"]
[Site "Rd04-Birmingham"]
[Date "2000.11.26"]
[Round "4.6"]
[White "Townsend, M Paul"]
[Black "Littlewood, Paul"]
[Result "1/2-1/2"]
[WhiteElo "2230"]
[BlackElo "2394"]
[PlyCount "84"]
[EventDate "2000.11.26"]

1. d4 Nf6 2. c4 e6 3. Nc3 Bb4 4. e3 O-O 5. Nge2 d5 6. a3 Be7 7. cxd5 exd5 8. g3
c6 9. Bg2 Re8 10. O-O Nbd7 11. Bd2 Nb6 12. b3 Bf8 13. f3 c5 14. dxc5 Bxc5 15.
Nd4 Bd7 16. Re1 Rc8 17. a4 a6 18. Nce2 Na8 19. Rc1 h6 20. Rc2 Qe7 21. Nf4 Ba7
22. Nd3 Rxc2 23. Qxc2 Rc8 24. Qb2 Nc7 25. Bb4 Qd8 26. Nc5 Nce8 27. Nxd7 Qxd7
28. Rc1 Rc7 29. Kf2 Qc8 30. Rxc7 Qxc7 31. Qc3 Qxc3 32. Bxc3 Bc5 33. Nf5 Nd7 34.
Bh3 Nf8 35. Bd4 Ne6 36. Bc3 h5 37. Nd4 N8c7 38. Nxe6 Nxe6 39. Bxe6 fxe6 40. Ke2
Kf7 41. Be5 g6 42. h3 Ke7 1/2-1/2

[Event "4NCL/Div1/WG-WR"]
[Site "Rd04-Birmingham"]
[Date "2000.11.26"]
[Round "4.7"]
[White "Tiller, Bjorn"]
[Black "Barrett, Stephen"]
[Result "1-0"]
[WhiteElo "2384"]
[BlackElo "2217"]
[PlyCount "81"]
[EventDate "2000.11.26"]

1. e4 c5 2. d3 Nc6 3. f4 g6 4. Nf3 Bg7 5. g3 d6 6. Bg2 e6 7. O-O Nge7 8. c3 O-O
9. Be3 b6 10. h3 e5 11. f5 gxf5 12. Nh4 fxe4 13. dxe4 f6 14. c4 Nd4 15. Nc3 Be6
16. b3 Rb8 17. g4 Rf7 18. Nf5 Bxf5 19. exf5 Qf8 20. Qd2 Kh8 21. Nd5 Nec6 22.
Rf2 a6 23. g5 fxg5 24. f6 Bh6 25. h4 Qc8 26. hxg5 Bf8 27. Qd1 e4 28. Qh5 Ne5
29. Bxd4 cxd4 30. Bxe4 Qg4+ 31. Qxg4 Nxg4 32. Rf4 Ne5 33. Kf2 b5 34. Rh4 Rbb7
35. g6 Rfd7 36. g7+ Bxg7 37. Rxh7+ Kg8 38. Rg1 bxc4 39. fxg7 Rf7+ 40. Ke2 d3+
41. Ke3 1-0

[Event "4NCL/Div1/WG-WR"]
[Site "Rd04-Birmingham"]
[Date "2000.11.26"]
[Round "4.8"]
[White "White, Mark"]
[Black "Jackson, Sheila"]
[Result "1/2-1/2"]
[WhiteElo "2145"]
[BlackElo "2185"]
[PlyCount "56"]
[EventDate "2000.11.26"]

1. e4 e5 2. Bb5 c6 3. Ba4 Nf6 4. Nc3 b5 5. Bb3 b4 6. Na4 Nxe4 7. Qe2 d5 8. d3
Nf6 9. Qxe5+ Be6 10. Nf3 Bd6 11. Qe2 O-O 12. O-O Bg4 13. Bg5 Nbd7 14. d4 Qc7
15. h3 Rfe8 16. Qd3 Bh5 17. Bxf6 Nxf6 18. c4 dxc4 19. Bxc4 Rad8 20. Rad1 Qa5
21. Bb3 c5 22. Qc4 cxd4 23. Rxd4 Bxf3 24. gxf3 Qg5+ 25. Kh1 Qh5 26. Kg2 Qg5+
27. Kh1 Qh5 28. Kg2 Qg5+ 1/2-1/2

[Event "4NCL/Div1/BAR1-MM"]
[Site "Rd05-Birmingham"]
[Date "2001.01.27"]
[Round "5.1"]
[White "Parker, Jonathan"]
[Black "Ledger, Andrew"]
[Result "1/2-1/2"]
[WhiteElo "2545"]
[BlackElo "2443"]
[PlyCount "47"]
[EventDate "2001.01.27"]

1. e4 c6 2. d4 d5 3. exd5 cxd5 4. c4 Nf6 5. Nc3 Nc6 6. Bg5 Be6 7. Nf3 Qa5 8.
Bxf6 gxf6 9. c5 Bg4 10. Be2 e6 11. a3 Bxf3 12. Bxf3 Qd8 13. Qd3 f5 14. O-O Bg7
15. Ne2 O-O 16. b4 a6 17. Rfd1 Qd7 18. Rab1 Rfb8 19. Qe3 b5 20. Ng3 a5 21. Nh5
Qe7 22. bxa5 Rxa5 23. Be2 Qh4 24. Nxg7 1/2-1/2

[Event "4NCL/Div1/BAR1-MM"]
[Site "Rd05-Birmingham"]
[Date "2001.01.27"]
[Round "5.2"]
[White "Pert, Nicholas"]
[Black "Kelly, Brian"]
[Result "1/2-1/2"]
[WhiteElo "2455"]
[BlackElo "2464"]
[PlyCount "68"]
[EventDate "2001.01.27"]

1. d4 d5 2. c4 c6 3. Nf3 Nf6 4. e3 e6 5. Bd3 Nbd7 6. b3 b6 7. O-O Bb7 8. Bb2
Be7 9. Nbd2 O-O 10. Qe2 Rc8 11. e4 dxe4 12. Nxe4 c5 13. Rad1 Qc7 14. Rfe1 cxd4
15. Nxd4 a6 16. Nf3 Rcd8 17. Bb1 Rfe8 18. Ng3 Bb4 19. Rf1 Bf8 20. Ng5 Qf4 21.
Bc1 Qc7 22. Bb2 Qf4 23. Bc1 Qc7 24. N5e4 Be7 25. Bb2 Nxe4 26. Nxe4 f5 27. Ng3
Bc5 28. Kh1 g6 29. a3 a5 30. Qd2 Bf8 31. Qg5 Be7 32. Qh6 Bf8 33. Qg5 Be7 34.
Qh6 Bf8 1/2-1/2

[Event "4NCL/Div1/BAR1-MM"]
[Site "Rd05-Birmingham"]
[Date "2001.01.27"]
[Round "5.3"]
[White "Webster, Andrew"]
[Black "Williams, Simon"]
[Result "1-0"]
[WhiteElo "2435"]
[BlackElo "2350"]
[PlyCount "69"]
[EventDate "2001.01.27"]

1. g3 f5 2. Bg2 Nf6 3. c4 e6 4. Nc3 Be7 5. d3 O-O 6. e4 fxe4 7. dxe4 Nc6 8. h3
Bc5 9. Nge2 Ne5 10. b3 Nh5 11. f4 Nxg3 12. Nxg3 Qh4 13. Nce2 Nc6 14. Qd3 d5 15.
cxd5 Nb4 16. Qc3 e5 17. f5 Rxf5 18. exf5 Bxf5 19. Rf1 Bg6 20. Kd1 Bc2+ 21. Qxc2
Nxc2 22. Kxc2 Bd4 23. Nf5 Qh5 24. Neg3 Qe8 25. Nxd4 exd4 26. Be4 Qb5 27. Bd2 a5
28. a4 Qb6 29. Bd3 Kh8 30. Rf7 Qc5+ 31. Kb2 Qxd5 32. Raf1 g6 33. Bh6 Rg8 34.
Rf8 Qg2+ 35. Kb1 1-0

[Event "4NCL/Div1/BAR1-MM"]
[Site "Rd05-Birmingham"]
[Date "2001.01.27"]
[Round "5.4"]
[White "Ledger, David"]
[Black "Knott, Simon"]
[Result "0-1"]
[WhiteElo "2278"]
[BlackElo "2390"]
[PlyCount "80"]
[EventDate "2001.01.27"]

1. e4 e6 2. d4 d5 3. Nc3 Bb4 4. e5 c5 5. a3 Bxc3+ 6. bxc3 Nc6 7. Qg4 g6 8. Qd1
f6 9. Nf3 fxe5 10. dxe5 Qa5 11. Bd2 c4 12. h4 h6 13. g3 Bd7 14. Bg2 O-O-O 15.
O-O Rh7 16. Nd4 Nge7 17. Re1 Nxd4 18. cxd4 c3 19. Be3 Nf5 20. Qg4 Rg8 21. Reb1
g5 22. h5 Rf7 23. Bf1 Rgf8 24. Bd3 Nxe3 25. fxe3 Rf2 26. e4 Rd2 27. Rf1 Rxf1+
28. Rxf1 dxe4 29. Qxe4 Qxa3 30. d5 Qc5+ 31. Kh1 Qxd5 32. Qxd5 exd5 33. Rf6 Rxd3
34. cxd3 c2 35. Rf1 Bg4 36. Rc1 Bd1 37. Kg2 b5 38. Kf2 d4 39. Ke1 b4 40. Kd2 b3
0-1

[Event "4NCL/Div1/BAR1-MM"]
[Site "Rd05-Birmingham"]
[Date "2001.01.27"]
[Round "5.5"]
[White "Ferguson, Mark"]
[Black "Naylor, John"]
[Result "1-0"]
[WhiteElo "2374"]
[BlackElo "2237"]
[PlyCount "83"]
[EventDate "2001.01.27"]

1. e4 e5 2. Nf3 Nc6 3. Bc4 Bc5 4. c3 Nf6 5. d3 a6 6. O-O d6 7. Bb3 Ba7 8. Be3
O-O 9. Nbd2 Bxe3 10. fxe3 Ng4 11. Qe1 Be6 12. h3 Bxb3 13. hxg4 Be6 14. Qg3 Qd7
15. g5 f5 16. exf5 Rxf5 17. d4 exd4 18. cxd4 d5 19. Rac1 Raf8 20. Nb3 Qd6 21.
Kh2 Bc8 22. Nc5 a5 23. Nd3 h6 24. Qxd6 cxd6 25. gxh6 Rh5+ 26. Kg3 Rxh6 27. Nf4
Rf5 28. Rh1 Rxh1 29. Rxh1 Nb4 30. a3 Nc6 31. Ne2 Rf6 32. Nc3 Ne7 33. Kf2 Bd7
34. b4 axb4 35. axb4 Be6 36. Ra1 Nc6 37. b5 Nb4 38. Ke2 Rg6 39. Ne1 Nc2 40.
Ra8+ Kh7 41. Nxc2 Rxg2+ 42. Kd1 1-0

[Event "4NCL/Div1/BAR1-MM"]
[Site "Rd05-Birmingham"]
[Date "2001.01.27"]
[Round "5.6"]
[White "Ledger, Stephen"]
[Black "Collinson, Adam"]
[Result "1/2-1/2"]
[WhiteElo "2188"]
[BlackElo "2404"]
[PlyCount "32"]
[EventDate "2001.01.27"]

1. d4 d6 2. Nf3 Bg4 3. Bf4 Bxf3 4. exf3 Nd7 5. Bd3 Ngf6 6. O-O e6 7. Re1 Be7 8.
c4 O-O 9. Nc3 c6 10. Qc2 Re8 11. Rad1 g6 12. b4 e5 13. Be3 Qc7 14. f4 exf4 15.
Bxf4 Nh5 16. Bc1 Bf8 1/2-1/2

[Event "4NCL/Div1/BAR1-MM"]
[Site "Rd05-Birmingham"]
[Date "2001.01.27"]
[Round "5.8"]
[White "Tidman, Sophie"]
[Black "Lauterbach, Ingrid"]
[Result "1-0"]
[WhiteElo "2003"]
[BlackElo "2179"]
[PlyCount "99"]
[EventDate "2001.01.27"]

1. e4 c5 2. Nf3 e6 3. d4 cxd4 4. Nxd4 a6 5. Bd3 Qc7 6. c3 Nf6 7. f4 d6 8. O-O
Be7 9. Nd2 Nbd7 10. Kh1 O-O 11. Bb1 Rd8 12. g4 Nf8 13. g5 Ne8 14. Qh5 g6 15.
Qf3 b5 16. b3 e5 17. Ne2 Ne6 18. h4 exf4 19. Bb2 Bf8 20. c4 Bg7 21. Bxg7 N8xg7
22. Nc3 Nh5 23. Nd5 Qc5 24. Re1 b4 25. e5 dxe5 26. Ne4 Nd4 27. Ndf6+ Nxf6 28.
Nxf6+ Kg7 29. Qxa8 h6 30. Qe4 hxg5 31. Nd5 Re8 32. Qg2 Rh8 33. Qxg5 Nf3 34.
Qf6+ Kg8 35. Ne7+ Qxe7 36. Qxe7 Rxh4+ 37. Kg2 Nxe1+ 38. Kf2 Rh2+ 39. Kxe1 Rh1+
40. Kd2 Rh2+ 41. Kc1 Rh1+ 42. Kb2 Rh2+ 43. Bc2 Bf5 44. Qe8+ Kh7 45. Qxf7+ Kh6
46. Qf8+ Kh7 47. Qe7+ Kh6 48. Rc1 f3 49. Qxe5 Rg2 50. Qf4+ 1-0

[Event "4NCL/Div1/BAR2-WR"]
[Site "Rd05-Birmingham"]
[Date "2001.01.27"]
[Round "5.1"]
[White "Dishman, Stephen"]
[Black "Arkell, Keith"]
[Result "0-1"]
[WhiteElo "2364"]
[BlackElo "2434"]
[PlyCount "76"]
[EventDate "2001.01.27"]

1. d4 e6 2. Nf3 Nf6 3. Bg5 c5 4. e3 cxd4 5. exd4 Be7 6. Nbd2 O-O 7. Bd3 d6 8.
Bxf6 Bxf6 9. h4 g6 10. c3 e5 11. dxe5 dxe5 12. Qc2 Bg4 13. h5 Kg7 14. Ne4 Nc6
15. Qd2 Rh8 16. h6+ Kf8 17. O-O-O Be7 18. Qe3 Qb6 19. Bc4 Qxe3+ 20. fxe3 f5 21.
Nf2 Bxf3 22. gxf3 Bc5 23. Rhe1 Ke7 24. Nh3 Rad8 25. Rxd8 Nxd8 26. Ng5 Kf6 27.
f4 Bxe3+ 28. Rxe3 exf4 29. Ne4+ Ke5 30. Rd3 fxe4 31. Rd7 f3 32. Kd1 Kf4 33. Ke1
Nc6 34. Rxb7 Ne5 35. Ba6 Ng4 36. Rxa7 Ke3 37. Rf7 Rd8 38. Rxh7 Nf2 0-1

[Event "4NCL/Div1/BAR2-WR"]
[Site "Rd05-Birmingham"]
[Date "2001.01.27"]
[Round "5.2"]
[White "Hunt, Harriet"]
[Black "Palliser, Richard"]
[Result "0-1"]
[WhiteElo "2426"]
[BlackElo "2282"]
[PlyCount "104"]
[EventDate "2001.01.27"]

1. e4 c5 2. Nf3 d6 3. d4 cxd4 4. Nxd4 Nf6 5. Nc3 a6 6. f4 e5 7. Nf3 Nbd7 8. Bc4
Be7 9. Bb3 b5 10. O-O Bb7 11. Qe2 O-O 12. Rd1 b4 13. Nd5 Nxd5 14. Bxd5 Bxd5 15.
Rxd5 Qc7 16. a3 bxa3 17. Rxa3 Nf6 18. Rd1 Rfc8 19. fxe5 dxe5 20. Rc3 Qb6+ 21.
Kh1 Rxc3 22. bxc3 Qc5 23. Bb2 Rb8 24. Ba1 Ng4 25. Nd4 exd4 26. Qxg4 dxc3 27.
Qg3 Rc8 28. e5 Qc4 29. Qf3 Bb4 30. g3 a5 31. Kg2 h5 32. Rd3 Qg4 33. Qe3 h4 34.
Bxc3 h3+ 35. Kf2 Bc5 36. Bd4 Bxd4 37. Rxd4 Rxc2+ 38. Ke1 Re2+ 39. Kd1 Rxe3+ 40.
Rxg4 Rxe5 41. Rh4 g6 42. Kd2 Rh5 43. Rc4 Rb5 44. Kc3 Kg7 45. Rf4 g5 46. Rf2 Kg6
47. Kc4 Rf5 48. Rd2 Rf1 49. Ra2 Rg1 50. Kd4 Rg2 51. Rxa5 Rxh2 52. Kc4 Rf2 0-1